More - The Warning (All Lyrics) - Estadísticas

Estadísticas generales
  • Esta prueba ha sido intentada 4 veces
  • La puntuación promedio es 246 de 294
Estadísticas de respuestas
Respuesta % Correcto
and
100%
do
100%
feed
100%
for
100%
I
100%
it
100%
It
100%
know
100%
leave
100%
love
100%
me
100%
me?
100%
more
100%
my
100%
need
100%
say?
100%
the
100%
what
100%
when
100%
yet
100%
you
100%
away
67%
been
67%
begging
67%
between
67%
but
67%
can't
67%
clear
67%
clear)
67%
closer
67%
creeping
67%
criminal
67%
feel
67%
fight
67%
go
67%
here
67%
here)
67%
in
67%
(in
67%
just
67%
keep
67%
(keep
67%
kill
67%
nice
67%
noise
67%
or
67%
pull
67%
pulling
67%
quiet
67%
senses?
67%
slowly
67%
something
67%
tell
67%
There's
67%
to
67%
void?
67%
won't
67%
Yeah!
67%
all
33%
am
33%
broken
33%
could've
33%
desire
33%
fill
33%
find
33%
frozen
33%
fully
33%
give
33%
grounded?
33%
I'm
33%
leaves
33%
like
33%
never
33%
oh - oh
33%
show
33%
sinking
33%
standing
33%
still
33%
stranded
33%
up
33%
waiting
33%
why
33%
starved
0%
want
0%
No se encontraron pruebas coincidentes
Distribución de puntuación
Porcentaje de gente con cada puntuación
Porcentaje por número respondido
Historial de tus puntuaciones
No has intentado esta prueba.